Name the Fashion Model Quiz - Statistics

General Stats
  • This quiz has been taken 239 times
  • The average score is 8 of 15
Answer Stats
Hint Answer % Correct
Brazilian bombshell and Victoria's Secret Angel who has 2 daughters, Valentina & Sienna Adriana Lima
94%
American supermodel alongside her sister Bella Gigi Hadid
84%
Sister of Kim, Khloe, and Kylie, highest paid model from 2017-2022 Kendall Jenner
84%
Brazilian supermodel who invented the "horsewalk" and was given the title "übermodel" Gisele Bündchen
81%
British supermodel known for her alleged cocaine use and mother of nepo-model Lila Kate Moss
77%
American supermodel with alleged ties to Jeffrey Epstein and Diddy Naomi Campbell
66%
American supermodel and mother of nepo-model Kaia Gerber Cindy Crawford
52%
First German model to become a Victoria's Secret Angel who allegedly wouldn't walk unless she had the biggest wings Heidi Klum
50%
American model who became the first transgender model to win 'Model of the Year' in 2024 Alex Consani
49%
Canadian "anti-supermodel" who often ran into other models on the runway Shalom Harlow
45%
American supermodel and actress who was the first Black American to be featured on the covers of GQ and Sports Illustrated Swimwear Issue Tyra Banks
43%
British model known for her skinniness and false eyelashes Twiggy
30%
Russian doll who walked up to 92 shows during the Fall/Winter 2006 runway season Vlada Roslyakova
23%
First woman of South Asian descent to appear on the cover of Vogue, known for her "walk of life" Yasmeen Ghauri
22%
Highest-paid male model of all-time Sean O'Pry
10%
No matching quizzes found
Score Distribution
Percent of People with Each Score
Percentile by Number Answered
Your Score History
You have not taken this quiz